| 000 | 00000nam##2200000za#4500 |
| 001 | 9.615568 |
| 003 | CaOODSP |
| 005 | 20200327183710 |
| 007 | ta |
| 008 | 150406|2001||||xxc||||| f|0| 0 eng|d |
| 020 | |a0-662-30284-2 |
| 040 | |aCaOODSP|beng |
| 043 | |an-cn--- |
| 086 | 1 |aM92-216/2001E |
| 110 | 1 |aCanada.|bNatural Resources Canada. |bEnergy Resources Branch. |
| 245 | 14|aThe Koughan Auto Body: heating an auto body shop with biomass : |bcase study |
| 260 | |aOttawa - Ontario : |bNatural Resources Canada. |c2001. |
| 300 | |a6p. : |billus. ; |c28 cm. |
| 490 | 1 |aCase study - biomass combustion systems |
| 563 | |aSoftcover |
| 590 | |a02-17|b2002-04-26 |
| 690 | 07|aBiomass|2gcpds |
| 690 | 07|aHeating|2gcpds |
| 690 | 07|aSmall businesses|2gcpds |
| 775 | 08|tThe Koughan Auto Body: chauffage à la biomasse d'un atelier de carrosserie : |w(CaOODSP)9.625627 |
| 776 | 0#|tThe Koughan Auto Body, heating an auto body shop with biomass |w(CaOODSP)9.572811 |
| 830 | #0|aCase study - biomass combustion systems.|w(CaOODSP)9.514788 |